00527 2200193 4500001002100000005001500021035002000036245009600056100002000152250000600172300003100178700001000209260003800219082001000257084001600267020002200283600001100305990001700316INLIS00000000000176620241211020548 a0010-12240000161 aBrillian Islamic Series :b"Siapa yang Menciptakanku" /cMalik Al Mughis; Penyunting, Nimas0 aMalik Al Mughis a- a36 hlm. :bilus. ;c21 cm.0 aNimas aJakarta :bBrilliant Books,c2024 a297.2 a297.2 MAL b a978-602-5861-50-5 4aAkidah a05356/P/2024